| 000 | 00502nam a2200169Ia 4500 | ||
|---|---|---|---|
| 008 | 220216s9999 xx 000 0 und d | ||
| 100 | _aRajan V V | ||
| 245 | 0 | _aComparative investigation on the reclamation of NR based latex products with amines and disulfides | |
| 260 |
_bRubber Chemistry and Technology _c2005 |
||
| 300 | _a855-867 | ||
| 650 | _aNR latex products | ||
| 650 | _aWaste latex rubber | ||
| 700 | _aDierkes W K | ||
| 700 | _aJoseph R | ||
| 700 | _aNoordermeer J W M | ||
| 942 | _cJS | ||
| 999 |
_c55938 _d55938 |
||